000 00319 a2200157 4500
001 57503
020 _a8508093357
040 _cAnchieta - Pituba
100 _aDante, Luiz Roberto
240 1 0 _aMatemática
_lpor
245 1 0 _aMatemática
300 _a624
362 0 _a2004
650 4 _aMatemática
942 _cBK
999 _c57503
_d57503